Những mẫu gói quà thịnh hành nhất

Gespeichert in:
Bibliographische Detailangaben
1. Verfasser: Thiên Kim
Format: Buch
Sprache:Undetermined
Veröffentlicht: Hà Nội Mỹ Thuật 2005
Schlagworte:
Tags: Tag hinzufügen
Keine Tags, Fügen Sie den ersten Tag hinzu!
Thư viện lưu trữ: Trung tâm Học liệu Trường Đại học Cần Thơ
LEADER 00513nam a2200193Ia 4500
001 CTU_95615
008 210402s9999 xx 000 0 und d
020 |c 45000 
082 |a 640 
082 |b Th305 
100 |a Thiên Kim 
245 0 |a Những mẫu gói quà thịnh hành nhất 
245 0 |c Thiên Kim 
260 |a Hà Nội 
260 |b Mỹ Thuật 
260 |c 2005 
650 |a Home economics 
904 |i Minh,Hải 
980 |a Trung tâm Học liệu Trường Đại học Cần Thơ